Caracterización de la biodiversidad del bosque de los micos (Registro nro. 1767)

Detalles MARC
000 -CABECERA
Campo de control 01182nam a2200373 a 4500
005 - FECHA Y HORA DE LA ULTIMA TRANSACCION
Campo de control 20180803164932.0
008 - ELEMENTOS DE LONGITUD FIJA—INFORMACION GENERAL
Campo de control 140121b1998 ck ||||| |||| 00| 0 spa d
041 ## - IDIOMA
Código de idioma para texto/pista de sonido o título separado Español
044 ## - PAÍS DE PUBLICACIÓN
País de publicación Colombia
090 ## - CLASIFICACIÓN LOCAL
Colección IAvH
Consecutivo 00120
100 ## - ASIENTO PRINCIPAL--NOMBRE PERSONAL
Nombre personal Gast, Fernando
245 ## - MENCION DE TITULO
Título Caracterización de la biodiversidad del bosque de los micos
260 ## - PUBLICACION, DISTRIBUCION, ETC. (PIE DE IMPRENTA)
Lugar de publicación, distribución, etc. Bogotá
Nombre del editor, distribuidor, etc. Instituto Alexander von Humboldt
Fecha de publicación, distribución, etc. 1998
300 ## - DESCRIPCION FISICA
Extensión 56p.
650 ## - ASIENTO SECUNDARIO DE MATERIA - TERMINO TEMATICO
Término temático o nombre geográfico como elemento de entrada Caracterización biológica
650 ## - ASIENTO SECUNDARIO DE MATERIA - TERMINO TEMATICO
Término temático o nombre geográfico como elemento de entrada Biodiversidad
650 ## - ASIENTO SECUNDARIO DE MATERIA - TERMINO TEMATICO
Término temático o nombre geográfico como elemento de entrada Aves
650 ## - ASIENTO SECUNDARIO DE MATERIA - TERMINO TEMATICO
Término temático o nombre geográfico como elemento de entrada Vegetación
650 ## - ASIENTO SECUNDARIO DE MATERIA - TERMINO TEMATICO
Término temático o nombre geográfico como elemento de entrada Mamíferos
650 ## - ASIENTO SECUNDARIO DE MATERIA - TERMINO TEMATICO
Término temático o nombre geográfico como elemento de entrada Invertebrados
650 ## - ASIENTO SECUNDARIO DE MATERIA - TERMINO TEMATICO
Término temático o nombre geográfico como elemento de entrada Artrópodos
662 ## - ASIENTO SECUNDARIO DE MATERIA - JERARQUIA DEL NOMBRE DE LUGAR(
País o entidad mayor Colombia
Jurisdicción política intermedia Bosque de Los Micos
Ciudad Villa de Leyva
Jurisdicción política de primer orden Boyacá
700 ## - ASIENTO SECUNDARIO - NOMBRE PERSONAL
Nombre personal Muñoz Saba, Yaneth
700 ## - ASIENTO SECUNDARIO - NOMBRE PERSONAL
Nombre personal Forero, Dimitri
700 ## - ASIENTO SECUNDARIO - NOMBRE PERSONAL
Nombre personal Repizzo, Augusto
700 ## - ASIENTO SECUNDARIO - NOMBRE PERSONAL
Nombre personal Bello, Juan Carlos
700 ## - ASIENTO SECUNDARIO - NOMBRE PERSONAL
Nombre personal Alvarez R., Mauricio
700 ## - ASIENTO SECUNDARIO - NOMBRE PERSONAL
Nombre personal Mendoza Cifuentes, Humberto
700 ## - ASIENTO SECUNDARIO - NOMBRE PERSONAL
Nombre personal Villarreal Leal, Hector Fernando
700 ## - ASIENTO SECUNDARIO - NOMBRE PERSONAL
Nombre personal Martínez, Claudia
700 ## - ASIENTO SECUNDARIO - NOMBRE PERSONAL
Nombre personal Stancik, Daniel
700 ## - ASIENTO SECUNDARIO - NOMBRE PERSONAL
Nombre personal Armenteras, Dolors
942 ## - ELEMENTOS ADICIONALES (KOHA)
Tipo de ítem Informe Técnico
Sistema de clasificación Dewey Decimal Classification
Existencias
Withdrawn status Lost status Sistema de Clasificación Damaged status No para préstamo Colección Inventariado Ubicación Permanente Ubicación actual Fecha de adquisición Fuente de Valor Total Checkouts Número topográfico Inventario / Código de Barras Date last seen Ejemplar Price effective from Forma de adquisición Tipo de material Date checked out
    Local     Humboldt Inventariado 2017 Bogotá Bogotá 10/01/2001 Muñoz Saba, Yaneth 1 IAvH-00120 014126 09/08/2024 Ej. 1 04/12/2012 Institucional Informe Técnico 08/03/2018
    Local     Humboldt Inventariado 2017 Villa de Leyva Villa de Leyva 01/12/1999 Muñoz Saba, Yaneth   IAvH-00098 003859 09/08/2024 Ej. 1 04/12/2012   Informe Técnico